| 000 | 00841nam a22002177a 4500 | ||
|---|---|---|---|
| 999 |
_c9671 _d9671 |
||
| 003 | AR-CdUCM | ||
| 008 | 190328b ||||| |||| 00| 0 spa d | ||
| 040 |
_aMUNICIPALIDAD PROVINCIAL DEL CUSCO _cBIBLIOTECA MUNICIPAL DEL CUSCO |
||
| 082 |
_aC / 985.61 / _bES93 |
||
| 100 |
_aEstrada, alcides F. _96009 |
||
| 245 | _aLa fama internacional del Cuzco / | ||
| 260 |
_aCuzco : _bEditorial Garcilaso, _c1968. |
||
| 300 |
_a30 páginas ; _bFotografías, _c22 cm. |
||
| 500 | _aDedicatoria | ||
| 505 | _aContenido: La fama internacional del Cuzco -- La Mesiánica pareja -- Fundada en el centro mismo de la tierra -- Todo era misterio -- Muestran bien el poderío del diablo... | ||
| 650 |
_aCusco colonial _91874 |
||
| 650 |
_aHistoria peruana _91316 |
||
| 650 |
_aFundacion cusqueña _926030 |
||
| 942 |
_2ddc _cLIBROS |
||
| 945 |
_apjha _d2019-04-17 |
||